00724 2200253 4500001002100000005001500021020002200036035002400058040001200082082001800094084001800112090001800130100002400148245010200172260003200274300003600306650003100342700001900373700001800392850001200410990001600422990001600438990001600454YOGYA00000000010024820140823125327 a978-602-8811-46-0 0010-111300000000364 aYOPDYOG 2[22]a899.223 a899.223 Wys S a899.223 Wys S aWYSS,cJOHANN DAVID aSwiss family Robinson/cJohann David Wyss;cpenerjemah Tisa anggraini,cpenyunting Nunung Wiyati. aYogyakarta:bBentang,c2011 a533 hlm.:bilus.;c20cm.(3 eks) aFiksi Indonesia-Terjemahan aTisa Anggraini aNunung Wiyati aYOPDYOG a3984/B.2013 a3985/B.2013 a3986/B.2013